Estudios especializados de derechos humanos /
Salvato in:
| Autore principale: | |
|---|---|
| Ente Autore: | |
| Altri autori: | |
| Natura: | testo |
| Pubblicazione: |
San José:
IIDH
|
| Tags: |
Aggiungi Tag
Nessun Tag, puoi essere il primo ad aggiungerne!!
|
MARC
| LEADER | 00000 a a2200000 04500 | ||
|---|---|---|---|
| 001 | 22596 | ||
| 003 | |||
| 040 | |||
| 020 | |a 9977-062-83-9 | ||
| 090 | |a 154800 | ||
| 100 | |a Alvarez, José E. | ||
| 110 | |a Instituto Interamericano de Derechos Humanos | ||
| 245 | |a Estudios especializados de derechos humanos / |c José E. Alvarez | ||
| 260 | |a San José: |b IIDH | ||
| 300 | |a 265 p; vol. I | ||
| 700 | |a Buergenthal, Thomas |a comp |a Cançado Trindade, Antonio A. |a comp. |a Dulitzky, Ariel E. |a González, Felipe | ||
| 999 | |c 3553 |d 3553 | ||
